| 000 | 00904nam a2200277 a 4500 | ||
|---|---|---|---|
| 001 | 000014147 | ||
| 005 | 20200929163508.0 | ||
| 008 | 091205s2000 sp ab 000 0 spa d | ||
| 020 | _a8495501716 | ||
| 040 |
_aDO-SdBNP _bspa _cBNPHU |
||
| 041 | 1 | 7 |
_aspa _hfre _2Código de idioma MARC |
| 082 |
_a915 _bP778d |
||
| 100 | 1 |
_aPolo, Marco, _d1254-1324 _931989 |
|
| 240 | 1 | 3 |
_aLe devisement du monde. _lEspañol |
| 245 | 1 | 0 |
_aLibro de las maravillas / _cMarco Polo ; traducción de Mauro Armiño. |
| 260 |
_a[Madrid] : _bSuma de Letras, _c2000. |
||
| 300 |
_a626, [17] p. : _bil., mapas ; _c18 cm. |
||
| 490 | 1 |
_aPunto de lectura _v36 |
|
| 534 |
_pTítulo original en francés: _tLe devisement du monde |
||
| 650 | 4 |
_aViajes _920188 |
|
| 651 | 4 |
_aAsia _xDescripciones Y Viajes _931990 |
|
| 700 | 1 |
_aArmiño, Mauro, _etr. _913314 |
|
| 830 | 0 |
_aPunto de lectura ; _v36 _93047 |
|
| 910 | _aWM | ||
| 049 | _aBNGR | ||
| 999 |
_c13749 _d13749 |
||